Normal view
MARC view
- Brekhovskikh, L.M, Lysanov, Yu.P
Entry Personal Name
001 - CONTROL NUMBER
- control field: 63081
003 - CONTROL NUMBER IDENTIFIER
- control field: NUST
005 - DATE AND TIME OF LATEST TRANSACTION
- control field: 20210628203046.0
008 - FIXED-LENGTH DATA ELEMENTS
- fixed length control field: 210628|| aca||aabn | a|a d
040 ## - CATALOGING SOURCE
- Original cataloging agency: NUST
- Transcribing agency: NUST
100 ## - HEADING--PERSONAL NAME
- Personal name: Brekhovskikh, L.M, Lysanov, Yu.P
670 ## - SOURCE DATA FOUND
- Source citation: Work cat.: (NUST): Brekhovskikh, L.M, Lysanov, Yu.P, Fundamentals of ocean acoustics, 2003
